Statistics for 2020 All-Rookie Team

Click here to take the quiz!

General Stats

  • This quiz has been taken 10 times
  • The average score is 7 of 22

Answer Stats

PositionTeamPlayer% Correct
QBChargersJustin Herbert
100%
EDGEFootball TeamChase Young
80%
WRVikingsJustin Jefferson
80%
RBColtsJonathan Taylor
70%
WRBengalsTee Higgins
60%
WR49ersBrandon Aiyuk
50%
TBuccaneersTristan Wirfs
50%
SBuccaneersAntoine Winfield
40%
LBCardinalsIsaiah Simmons
30%
CBChiefsL'Jarius Sneed
30%
DIDolphinsRaekwon Davis
30%
DIPanthersDerrick Brown
20%
EDGESteelersAlex Highsmith
10%
CBVikingsCameron Dantzler
10%
DBPanthersJeremy Chinn
10%
LBFalconsMykal Walker
10%
CCowboysTyler Biadasz
10%
TESaintsAdam Trautman
0%
GSeahawksDamien Lewis
0%
SFootball TeamKameren Curl
0%
GSteelersKevin Dotson
0%
TPatriotsMichael Onwenu
0%

Score Distribution

Percentile by Number Answered

Percent of People with Each Score

Your Score History

You have not taken this quiz